Multinational management a strategic approach (Registro nro. 72500)
[ vista simple ]
| 000 -ENCABEZADO | |
|---|---|
| Número de control [NR] | 01060nam a2200265Ia 4500 |
| 005 - FECHA Y HORA DE LA ÚLTIMA TRANSACCIÓN | |
| control field | 20260120081125.0 |
| 008 - DE LONGITUD FIJA DE DATOS DE ELEMENTOS - INFORMACIÓN GENERAL | |
| Elementos de longitud fija [NR] | 130821s2011 xxuab gr eng |
| 020 ## - NUMERO INTERNACIONAL NORMALIZADO PARA LIBROS [R] | |
| Número Internacional Normalizado del libro [NR] | 1439080658 |
| 020 ## - NUMERO INTERNACIONAL NORMALIZADO PARA LIBROS [R] | |
| Número Internacional Normalizado del libro [NR] | 9781439080658 |
| 040 ## - FUENTE DE CATALOGACION [NR] | |
| Agencia de catalogación original [NR] | Co-BoUCM |
| Idioma de catalogación [NR] | spa |
| Quien Cataloga | David Moreno (modificó) |
| Quien Clasifica | David Moreno (modificó) |
| 041 00 - CODIGO DE IDIOMA [R] | |
| Código de idioma para texto/pista de sonido o título separado [R] | Inglés |
| 100 1# - ASIENTO PRINCIPAL--NOMBRE PERSONAL [NR] | |
| Nombre personal [NR] | Cullen, John B. |
| Fechas asociadas con el nombre [NR] | 1948- |
| ID Autoridad | 187674 |
| 245 10 - MENCION DE TITULO [NR] | |
| Título [NR] | Multinational management a strategic approach |
| Mención de responsabilidad, etc. [NR] | John B. Cullen, K. Praveen Parboteeah |
| 250 ## - MENCION DE EDICION [NR] | |
| Mención de edición [NR] | 5th ed. |
| 260 ## - PUBLICACION, DISTRIBUCION, ETC. (PIE DE IMPRENTA) [R] | |
| Lugar de publicación, distribución, etc. [R] | Mason (Ohio, Estados Unidos) |
| Nombre del editor, distribuidor, etc. [R] | CL-South-western |
| Fecha de publicación, distribución, etc. [R] | 2011 |
| 300 ## - DESCRIPCION FISICA [R] | |
| Extensión [R] | xxviii, 702 páginas |
| Otros detalles físicos [NR] | ilustraciones, mapas |
| 650 04 - ASIENTO SECUNDARIO DE MATERIA - TERMINO TEMATICO [R] | |
| Término temático o nombre geográfico como elemento de entrada [NR] | Administración de empresas |
| 9 (RLIN) | 435 |
| 650 04 - ASIENTO SECUNDARIO DE MATERIA - TERMINO TEMATICO [R] | |
| Término temático o nombre geográfico como elemento de entrada [NR] | Compañías extranjeras |
| 9 (RLIN) | 11241 |
| 650 04 - ASIENTO SECUNDARIO DE MATERIA - TERMINO TEMATICO [R] | |
| Término temático o nombre geográfico como elemento de entrada [NR] | Empresas internacionales |
| 9 (RLIN) | 7560 |
| 650 04 - ASIENTO SECUNDARIO DE MATERIA - TERMINO TEMATICO [R] | |
| Término temático o nombre geográfico como elemento de entrada [NR] | Inversiones extranjeras |
| 9 (RLIN) | 17957 |
| 700 1# - ASIENTO SECUNDARIO - NOMBRE PERSONAL [R] | |
| Nombre personal [NR] | Parboteeah, Praveen |
| 9 (RLIN) | 142550 |
| 856 41 - LOCALIZACION Y ACCESO ELECTRONICOS [R] | |
| Nota dirigida al público [R] | Consulte la tabla de contenido haciendo clic aquí |
| Identificador Uniforme del Recurso (“URI”) [R] | <a href="http://www.loc.gov/catdir/enhancements/fy1105/2009941169-t.html">http://www.loc.gov/catdir/enhancements/fy1105/2009941169-t.html</a> |
| 942 ## - ELEMENTOS DE ENTRADA AGREGADOS (KOHA) | |
| Tipo de ítem principal el descrito en 300a | Libro |
| Tema principal | Administración |
| Edición | 5 |
| Parte restante de la signatura top. | C967m |
| Sistema de clasificación | DEWEY |
| Clasificación | 382 |
| Título oculto en OPAC | No |
| Fecha de último préstamo | Total préstamos | Total Renewals | Signatura topográfica | Código de barras | Última vez visto | Volúmen / Fascículo | Ejemplar | Price effective from | Tipo de ítem | Perdido | Sistema de clasificación | Dañado | No prestable | Tipo de ítem específico | Suprimido | Ubicación habitual | Ubicación actual | Localización | Fecha de creación | Forma de adquisición | Costo |
|---|---|---|---|---|---|---|---|---|---|---|---|---|---|---|---|---|---|---|---|---|---|
| 01/11/2024 | 2 | 3 | 658.049 C967m | 100112905 | 04/12/2025 | 5a. Ed. | Ej.1 | 03/02/2013 | Libro | DEWEY | Libro | Claustro | Claustro | 4to piso | 28/02/2013 | Compra | 284000.00 | ||||
| 16/01/2020 | 5 | 4 | 382 C967m | 100112906 | 10/12/2025 | 5a. Ed. | Ej.2 | 03/02/2013 | Libro | DEWEY | Libro | Sede del emprendimiento y la innovación | Sede del Emprendimiento, Innovación y Creación | 1er piso | 28/02/2013 | Compra | 284000.00 |